| 000 | 02023nam a2200205Ia 4500 | ||
|---|---|---|---|
| 003 | Ost | ||
| 005 | 20260507075352.0 | ||
| 008 | 260507s9999||||xx |||||||||||||| ||und|| | ||
| 020 | _a90653599579 | ||
| 040 | _cfsecg | ||
| 041 | _aara | ||
| 082 | _a330 | ||
| 100 |
_aعبد النبي، جمال يوسف _eمؤلف |
||
| 245 | 0 |
_aالأصول والأعراف الموحدة للإعتمادات المستندية / _c جمال يوسف عبد النبي |
|
| 260 |
_aعمان: _bمركز الكتاب الأكاديمي, _c2013 |
||
| 300 |
_a240 صفحة؛ _bإيضاحات ؛ _c24 سم |
||
| 520 | _aتعريف الإعتماد المستندي- أطراف الإعتماد المستندي- دور ومسؤولية الأطراف- أنواع الإعتماد المستندي- عناصر الإعتماد المستندي- الشروط الواجب توافرها عند فتح الإعتماد المستندي- بيانات طلب فتح الإعتماد المستندي- مراحل فتح الإعتماد وفوائده- إجراءات فتح الإعتمادات المستندية في حالات الإستيراد- التفويض بالتغطية مقابل الإعتمادات المستندية- المستندات المطلوبة في العملية التجارية- بوالص الإعتمادات المستندية الواردة- إجراءات تسديد وتسليم بوالص الإعتمادات المستندية الواردة- طرق التسليم في التجارة الخارجية- أهم الخلافات الشائعة في المستندات المقدمة على الإعتماد- التخليص على البضائع قبل وصول المستندات- البوند والمنطقة الحرة- إلغاء الإعتماد المستندي- تعديل الإعتماد المستندي- الأصول والأعراف الموحدة للإعتمادات المستندية- نصائح وإرشادات | ||
| 653 | _aالإعتمادات المستندية | ||
| 942 | _cكتاب | ||
| 999 |
_c44145 _d44145 |
||